| 000 | 00666nac a22002051u 4500 | ||
|---|---|---|---|
| 008 | 110704s2004 mau|||||r|||| 001 0 eng d | ||
| 010 | _a2003053983 | ||
| 020 | _a0072887710 | ||
| 020 | _a9780072887716 | ||
| 082 | 0 | 0 |
_a621.3 _bRIZ _222 |
| 100 |
_aRizzoni, Giorgio. _926128 |
||
| 245 | 1 | 0 |
_aPrinciples and Applications of Electrical Engineering / _cGiorgio Rizzoni. |
| 250 | _a4th ed. & rev. | ||
| 260 |
_aBoston : _bMcGraw-Hill Higher Education, 2004 _c2004. |
||
| 300 |
_axviii, 1022 p. : _bill. ; _c26 cm. + _e1 CD-ROM (4 3/4 in.) |
||
| 500 | _aIncludes index. | ||
| 650 | 0 |
_aElectric engineering. _926129 |
|
| 653 | _bEle | ||
| 942 |
_cBB _k621.3 RIZ _2ddc |
||
| 999 |
_c885 _d885 |
||